Seasons in EPL - Statistics

General Stats
  • This quiz has been taken 33 times
    24 since last reset
  • The average score is 28 of 42
Answer Stats
Hint Answer % Correct
22 Arsenal
100%
22 Liverpool
100%
22 Manchester United
100%
22 Chelsea
95%
22 Everton
95%
21 Manchester City
95%
22 Tottenham Hotspur
95%
19 Aston Villa
90%
20 Newcastle United
90%
1 Nottingham Forest
90%
6 Brighton
86%
7 Norwich City
86%
19 West Ham United
86%
6 Leeds United
81%
11 Leicester City
81%
15 Southampton
81%
6 Bournemouth
76%
16 Fulham
76%
3 Sheffield United
76%
9 Wolverhampton Wanderers
76%
2 Brentford
71%
8 Burnley
71%
11 Crystal Palace
71%
4 Portsmouth
62%
2 Derby
57%
7 Swansea City
57%
13 West Bromwich Albion
57%
7 Birmingham
52%
1 Ipswich Town
52%
13 Sunderland
52%
11 Blackburn
48%
1 Blackpool
48%
2 Cardiff City
48%
2 Huddersfield Town
48%
5 Hull City
48%
10 Stoke City
48%
7 Watford
48%
3 Portsmouth
43%
11 Bolton Wanderers
29%
8 Wigan Athletic
29%
9 Middlesborough
24%
6 Charlton Athletic
14%
No matching quizzes found
Score Distribution
Percent of People with Each Score
Percentile by Number Answered
Your Score History
You have not taken this quiz since the last reset